000 00562nam a2200169Ia 4500
005 20260121165313.0
008 260121s9999 xx 000 0 und d
020 _a978-93-91558-29-1
041 _amar
082 _a294.5
100 _aमोडक, अशोक
245 _aस्वामी विवेकानंद चिरंतन चैतन्याचा स्रोत
250 _a1
260 _bभारतीय विचार साधना पुणे
_c2014
300 _a148
650 _aमराठी साहित्य
999 _c370006
_d370006